[Event "Corr"]
[Site "?"]
[Date "2001.05.15"]
[Round "?"]
[White "Nagley Tim"]
[Black "Muller Henri"]
[Result "0-1"]
[WhiteElo "1992"]
[BlackElo "2016"]
[PlyCount "72"]
[EventDate "2001.??.??"]
[Source "www.chesslib.no"]
[SourceDate "2004.05.04"]

1. e4 e5 2. f4 exf4 3. Nf3 g5 4. h4 g4 5. Ne5 d6 6. Nxg4 Nf6 7. Nxf6+ Qxf6 8. Nc3 c6 9. Be2 Rg8 10. Bf3 Bh6 11. d4 Na6 12. e5 dxe5 13. Qe2 Bf5 14. dxe5 Qe6 15. Ne4 O-O-O 16. Nd6+ Rxd6 17. exd6 Nb4 18. O-O Nxc2 19. Qf2 Nxa1 20. Qxa7 Qxd6 21. Bxc6 Kd8 22. Bf3 Ke7 23. Rd1 Bd3 24. Qxb7+ Ke6 25. Re1+ Kf6 26. Bd2 Rb8 27. Bc3+ Kg6 28. h5+ Kg5 29. Qxf7 Rf8 30. Qa7 Nc2 31. Rd1 Rf6 32. Bxf6+ Kxf6 33. Be4 Nb4 34. a3 Bf8 35. Bxd3 Nxd3 36. Kf1 Be7 0-1

[Event "Corr"]
[Site "?"]
[Date "2004.04.05"]
[Round "?"]
[White "Tew Paul"]
[Black "Lannaioli Alfonsino"]
[Result "0-1"]
[WhiteElo "1966"]
[BlackElo "2022"]
[PlyCount "58"]
[EventDate "2004.??.??"]
[Source "www.chesslib.no"]
[SourceDate "2004.05.04"]

1. e4 e5 2. f4 exf4 3. Nf3 g5 4. h4 g4 5. Ne5 d6 6. Nxg4 Nf6 7. Nxf6+ Qxf6 8. Nc3 Nc6 9. Nd5 Qg6 10. d3 Qg3+ 11. Kd2 Nb4 12. Nxc7+ Kd8 13. Nxa8 Qe3+ 14. Kc3 Qc5+ 15. Kb3 Nxc2 16. Qxc2 Be6+ 17. Qc4 Bg7 18. Qxe6 fxe6 19. a4 Ke7 20. Bxf4 Rxa8 21. e5 Rc8 22. Rh3 dxe5 23. Bg5+ Ke8 24. d4 Qd5+ 25. Ka3 Bf8+ 26. b4 Bxb4+ 27. Kxb4 Qxd4+ 28. Kb3 Qxa1 29. Bb5+ Kf8 0-1

[Event "DDR Ch women"]
[Site "Plauen"]
[Date "1980.??.??"]
[Round "7"]
[White "Starck, Ines"]
[Black "Seidemann, Ulrike"]
[Result "0-1"]
[WhiteElo "1965"]
[BlackElo "1990"]
[PlyCount "48"]
[EventDate "1980.02.??"]
[Source "www.chesslib.no"]
[SourceDate "2004.05.04"]

1. e4 e5 2. f4 exf4 3. Nf3 g5 4. h4 g4 5. Ne5 d6 6. Nxg4 h5 7. Nf2 Nf6 8. d4 Bh6 9. Nd2 Qe7 10. Be2 Nc6 11. c3 Bd7 12. Bf3 O-O-O 13. Qe2 Rde8 14. b4 Ng4 15. Nxg4 hxg4 16. Bxg4 f5 17. Bh5 fxe4 18. Bxe8 Rxe8 19. b5 Nd8 20. Ba3 Qg7 21. O-O-O Bg4 22. Qc4 Bxd1 23. Rxd1 Kb8 24. Qd5 f3 0-1

[Event "KG Kieseritsky"]
[Site "?"]
[Date "2000.??.??"]
[Round "?"]
[White "Perez Giorgio"]
[Black "Jensen John Oland"]
[Result "1/2-1/2"]
[WhiteElo "2045"]
[BlackElo "1885"]
[PlyCount "81"]
[EventDate "2000.??.??"]
[Source "www.chesslib.no"]
[SourceDate "2004.05.04"]

1. e4 e5 2. f4 exf4 3. Nf3 g5 4. h4 g4 5. Ne5 d6 6. Nxg4 Be7 7. d4 Bxh4+ 8. Nf2 Qg5 9. Nc3 Nf6 10. Qf3 Bg3 11. Bd2 Rg8 12. O-O-O Nc6 13. Bb5 Bd7 14. Nh3 Qg4 15. Ne2 O-O-O 16. Bxf4 Bxf4+ 17. Nexf4 Qg7 18. Qe3 Qg3 19. Qf3 a6 20. Bc4 Qg7 21. Nf2 h5 22. Qe3 Rde8 23. Nxh5 Nxh5 24. Rxh5 Qxg2 25. Rdh1 Rg3 26. Qd2 Qf3 27. R5h4 Rg2 28. Rf4 Qg3 29. c3 Rf8 30. Rf6 Ne7 31. Bf1 Ng8 32. Rf4 Rh2 33. Rxh2 Qxh2 34. Qe3 Qh6 35. Bh3 Ne7 36. Bxd7+ Kxd7 37. Ng4 Qh1+ 38. Kc2 f5 39. Qf3 Qxf3 40. Rxf3 c6 41. exf5 1/2-1/2

[Event "GM -90-0443B"]
[Site "GM -90-0443B"]
[Date "1993.??.??"]
[Round "?"]
[White "Papakosmas, Lambros"]
[Black "Kravtsova, V."]
[Result "1-0"]
[WhiteElo "1970"]
[BlackElo "1925"]
[PlyCount "25"]
[EventDate "1993.??.??"]
[Source "www.chesslib.no"]
[SourceDate "2004.05.04"]

1. e4 e5 2. f4 exf4 3. Nf3 g5 4. h4 g4 5. Ne5 d6 6. Nxg4 Be7 7. d4 Bxh4+ 8. Nf2 Qg5 9. Nc3 Nf6 10. Qf3 Ng4 11. Ncd1 Nxf2 12. Nxf2 Bg3 13. Bd2 1-0